• 首页
  • 本馆介绍
  • 公告通知
  • 最新文献
  • 馆藏检索
  • 电子资源
  • 读者导购
  • 参考咨询
  • 我的图书馆
  • 登录
  • 详细信息显示
  • 放入我的书架
  • 预约/预借图书
  • 作者相关作品
  • 分类相关作品
  • 丛书相关作品
  • 出版社相关作品

书目信息

  • 表格格式
  • 工作单格式
  • 卡片格式
题名:
Matheson气体数据手册
    
 
作者: 约斯 主编 ;陶鹏万 译
分册:  
出版信息: 北京   化学工业出版社  2003
页数: 1018页
开本: 29cm
丛书名:
单 册:
中图分类: TQ116-62
科图分类:
主题词: 工业气体--数据--手册 , 工业气体
电子资源:
ISBN: 7-5025-4437-2
000 00995nam0 2200277 450
001 002400589
005 20080303094736.70
010    @a7-5025-4437-2@b精装@dCNY188.00
100    @a20030630d2003 em y0chiy0110 ea
101 1  @achi@aeng
102    @aCN@b110000
105    @aa z 001yy
106    @ar
200 1  @aMatheson气体数据手册@AMatheson qi ti shu ju shou ce@f(美)卡尔 L. 约斯(Carl L. Yaws)主编@g陶鹏万等译
210    @a北京@c化学工业出版社@d2003
215    @a1018页@c图@d29cm
306    @a与美国麦格劳-希尔教育出版(亚洲)公司合作出版 据原书第七版译出
330    @a本手册共收集了157种气体产品,对全部产品分别以表和图的方式列示出科研、设计、生产和使用过程中所需的大量物性数据内容。
510 1  @aMatheson Gas Data Book@eSeventh Edition@zeng
606 0  @a工业气体@x数据@j手册
606 0  @a工业气体
690    @aTQ116-62@v4
701  0 @c(美)@a约斯@Ayue si@c(Yaws, Carl L.)@4主编
702  0 @a陶鹏万@Atao peng wan@4译
801  0 @aCN@bNLC@c20080303
905    @dTQ116-62@e18@f2
    
    Matheson气体数据手册/(美)卡尔 L. 约斯(Carl L. Yaws)主编/陶鹏万等译.-北京:化学工业出版社,2003
    1018页:图;29cm
    
    
    ISBN 7-5025-4437-2(精装):CNY188.00
    本手册共收集了157种气体产品,对全部产品分别以表和图的方式列示出科研、设计、生产和使用过程中所需的大量物性数据内容。
●
相关链接 在E读中查询图书 在五车中查询图书 在当当中查询图书 在豆瓣中查询图书


正题名:Matheson气体数据手册     索取号:TQ116-62/18         预约/预借

序号 登录号 条形码 馆藏地/架位号 状态 备注
1 0614852   206148523   第二样本阅览室/ [索取号:TQ116-62/18] 在馆    
2 0614853   206148532   第三借阅区/ [索取号:TQ116-62/18] 在馆    
唐山师范学院图书馆 欢迎您!
大连网信软件有限公司© 版权所有